| 000 | 00349nam a2200133Ia 4500 | ||
|---|---|---|---|
| 005 | 20251222155158.0 | ||
| 008 | 251222s9999||||xx |||||||||||||| ||spa|| | ||
| 082 | _aETI.239 | ||
| 100 | _aEnrique Bonnette Perales | ||
| 245 | 0 | _aRepensar el fin de la vida sentido ético del morir | |
| 250 | _a1ra. ed. | ||
| 264 | _bEd.Interamericana | ||
| 942 | _cLIB | ||
| 999 |
_c39845 _d39845 |
||